000 01094aam a2200361 i 4500
001 vtls000824065
003 PNM
005 20200704151704.0
008 170415s2016 my e 000 1 may d
015 _aM16-15192
020 _a9789671378250
_qpaperback
_cRM20.00
039 9 _a201706070917
_bzaleha
040 _aBNM
_beng
_cBNM
_erda
_dPPAK
041 _amay
082 0 4 _a899.233010803
_223
090 0 0 _a899.233010803
_bKAF
_dG
245 0 0 _aKAFE IDOSCOPE /
_cdiselenggarakan oleh Nur Cahaya & Zakuan Faizz ; Editor : Nur Hazlinda Hussain
246 1 4 _aCover title: Seribu Satu Kisah Kafe Idoscope
250 _aLimited Edition
264 1 _aIpoh, Perak :
_bSJ CREATIVE,
_c2016
300 _a217 pages ;
_c19 cm
336 _atext
_2rdacontent
337 _aunmediated
_2rdamedia
338 _avolume
_2rdacarrier
650 1 4 _aMalaysian fiction (Malay)
650 2 0 _aMalay fiction
700 0 _aNur Cahaya,
_eeditor.
700 0 _aZakuan Faizz,
_eeditor.
700 0 _aNur Hazlinda Hussain,
_eeditor.
942 _2ddc
_cB
949 _62000467784
949 _62000467785
999 _c170351
_d170351